The 20 European Football Clubs That Were Never Relegated - Statistics

General Stats
  • This quiz has been taken 109 times
  • The average score is 14 of 20
Answer Stats
Championship Club % Correct
La Liga FC Barcelona
100%
La Liga Real Madrid CF
99%
Serie A FC Internazionale Milano
94%
Eredivisie AFC Ajax
93%
Scottish Ladbrokes Premiership Celtic FC
90%
Eredivisie PSV Eindhoven
89%
Eredivisie Feyenoord Rotterdam
80%
La Liga Athletic Bilbao
74%
Süper Lig Beşiktaş JK
71%
Süper Lig Galatasaray SK
70%
Liga NOS FC Porto
69%
Scottish Ladbrokes Premiership Aberdeen FC
68%
Liga NOS SL Benfica
68%
Liga NOS Sporting CP
67%
Süper Lig Fenerbahçe SK
59%
Greek Superleague Olympiacos FC
59%
Greek Superleague Panathinaikos AO
55%
Bundesliga Hamburger SV
51%
Greek Superleague PAOK
49%
Eredivisie Utrecht FC
33%
No matching quizzes found
Score Distribution
Percent of People with Each Score
Percentile by Number Answered
Your Score History
You have not taken this quiz